Propuesta de anteproyecto museo nacional ruta del café, ubicado en la ciudad de Estelí, Nicaragua

Presenta una propuesta de anteproyecto museo nacional ruta del café, ubicado en la ciudad de Estelí, Nicaragua. El eje del estudio se concentró en desarrollar una propuesta adaptada a la zona, hacer una lectura de las características ambientales, culturales y así lograr crear un edificio úni...

Full description

Bibliographic Details
Main Author: Chamorro Flores, Jorge Alejandro
Other Authors: Tutor: Solís Leytón, Álvaro Leonel
Format: Tesis Section = Libro
Language:Undetermined
Spanish
Published: Managua UNI 2016
Subjects:
LEADER 01255nam a2200265Ia 4500
008 240830s9999 xx 000 0 und d
040 |a BIBLIOTECA-RUSB/ Mon 727.65 Ch448 
041 |a spa 
082 |a Mon 727.65 Ch448 
100 1 |a Chamorro Flores, Jorge Alejandro 
245 1 0 |a Propuesta de anteproyecto museo nacional ruta del café, ubicado en la ciudad de Estelí, Nicaragua 
260 |a Managua  |b UNI  |c 2016 
300 |a 141 p. :il. 
500 |a Contiene: anexos. 
502 |a Tesis (Arquitecto) - UNI, 2016. 
520 3 |a Presenta una propuesta de anteproyecto museo nacional ruta del café, ubicado en la ciudad de Estelí, Nicaragua. El eje del estudio se concentró en desarrollar una propuesta adaptada a la zona, hacer una lectura de las características ambientales, culturales y así lograr crear un edificio único basado en la búsqueda de la identidad, una especie de estilo vernáculo contemporáneo. 
650 7 |a DISEÑO ARQUITECTONICO 
650 7 |b  ARQUITECTURA –DISEÑO Y PLANOS 
650 7 |c  EDIFICIOS-DISEÑO Y CONSTRUCCION 
650 7 |d  DISEÑO DE ESTRUCTURAS 
650 7 |e  MUSEOS HISTORICOS 
700 1 |a Tutor:  |b Solís Leytón, Álvaro Leonel 
942 |c BK  |2 ddc 
991 |a TESIS 
999 |c 21419